| 000 | 00352nam a22001457a 4500 | ||
|---|---|---|---|
| 003 | macl | ||
| 005 | 20151105115550.0 | ||
| 008 | 151105b xxu||||| |||| 00| 0 eng d | ||
| 040 | _cmacl | ||
| 041 | _aEnglish | ||
| 100 |
_aManohar Pandey _917263 |
||
| 245 | _aGeneral Knowledge 2016 | ||
| 260 |
_aMeerut _bArihant Publications _c2016 |
||
| 942 |
_2ddc _cBK |
||
| 999 |
_c50523 _d50523 |
||